| 000 | 00644nam a22002297a 4500 | ||
|---|---|---|---|
| 005 | 20170124105937.0 | ||
| 010 | _aA-775763 | ||
| 020 |
_c00.00 _a817193076 |
||
| 035 | _aA-775763 | ||
| 037 | _bCen Lib/Ret | ||
| 040 |
_aDPL _bEN |
||
| 082 | _a211.0954 | ||
| 100 |
_aNarain,Iqbal _910058 |
||
| 245 |
_aSecularism in India / _cby Iqbal Narain |
||
| 260 |
_aJaipur _bClassic publlishing house _c1995 |
||
| 270 |
_a260-61,Chura rasta _bJaipur _e302003 |
||
| 300 |
_a190p. _c20cm(Hb) |
||
| 500 | _aIncludes index | ||
| 650 |
_aPolitical science _918895 |
||
| 650 |
_aSecularism _918896 |
||
| 942 |
_2ddc _cEN _h211.0954 _mNAR |
||
| 999 |
_c124261 _d124261 |
||